| 000 | 00526nam a2200217Ia 4500 | ||
|---|---|---|---|
| 005 | 20250425161803.0 | ||
| 008 | 250425s9999 xx 000 0 und d | ||
| 020 | _a0070254923 | ||
| 041 | _aeng | ||
| 082 | _a005.71 | ||
| 100 | _aHAHN, GERALD J. | ||
| 245 | 0 | _aHARLEY HAHN'S STUDENT GUIDE TO UNIX | |
| 250 | _a2ND ED. | ||
| 260 | _aBOSTON | ||
| 260 |
_aEstados Unidos _bMCGRAW-HILL _c1996 |
||
| 300 | _a746 | ||
| 650 | _aSISTEMA OPERATIVO | ||
| 650 | _aUNIX (SISTEMA OPERATIVO) | ||
| 942 | _c01 | ||
| 010 | _a29056 | ||
| 999 |
_c216080 _d216080 |
||